Tovarnyj slovar
Guardado en:
| Formato: | Libro |
|---|---|
| Lenguaje: | ruso |
| Publicado: |
Moskva
Gostorgizdat
1956
|
| Etiquetas: |
Sin Etiquetas, Sea el primero en etiquetar este registro!
|
MARC
| LEADER | 00000nam a2200000 4500 | ||
|---|---|---|---|
| 001 | c123256 | ||
| 005 | 20250717095621.4 | ||
| 041 | 0 | |a rus | |
| 044 | |a RU | ||
| 245 | 1 | 0 | |a Tovarnyj slovar |
| 264 | 1 | |a Moskva |b Gostorgizdat |c 1956 | |
| 300 | |a 1014 s. | ||